000 00622nam a2200181Ia 4500
008 100920s9999 xx 000 0 und d
082 _b102236
_a891.43 न 05
100 _aसिन्हा सुरेश.
245 _aरहस्यमयी मानवशरीर.
260 _bअनुपम प्रकाशन दिल्ली.
_c2005
300 _a160
_bसाधी
365 _b180
520 _aहिंदी.
630 _aरहस्यमयी मानवशरीर.
650 _aहिंदी.
730 _aरहस्यमयी मानवशरीर.
942 _cBOOK
999 _c742669
_d742666